[Event "Satka Autumn op (Women)"]
[Site "Satka"]
[Date "2022.09.05"]
[Round "7"]
[White "Lapa, Viktoriya"]
[Black "Khabirova, Kira"]
[Result "1-0"]
[WhiteElo "1435"]
[BlackElo "1000"]
[PlyCount "45"]
[EventDate "2022.08.30"]
[EventType "swiss"]
[EventRounds "9"]
[EventCountry "RUS"]
[SourceTitle "CBM 210 Extra"]
[Source "ChessBase"]
[SourceDate "2022.11.30"]
[SourceVersion "1"]
[SourceVersionDate "2022.11.30"]
[SourceQuality "1"]

1. e4 h5 2. d4 e6 3. Nf3 Bb4+ 4. c3 Bd6 5. e5 Be7 6. Bd3 Nh6 7. Qc2 0-0 8. Bxh6 gxh6 9. h3 Re8 10. g4 Kf8 11. gxh5 b6 12. Be4 Na6 13. Bxa8 Nb8 14. Qh7 Bf6 15. exf6 Qxf6 16. Rg1 Qf4 17. Nbd2 Qf5 18. Rg8+ Ke7 19. Rxe8+ Kxe8 20. Qg8+ Ke7 21. Qxc8 Nc6 22. Bxc6 Kd6 23. Qxd7# 1-0

[Event "Satka Autumn op (Women)"]
[Site "Satka"]
[Date "2022.09.03"]
[Round "5"]
[White "Nafranovich, Ksenia"]
[Black "Lapa, Viktoriya"]
[Result "0-1"]
[WhiteElo "1000"]
[BlackElo "1435"]
[PlyCount "40"]
[EventDate "2022.08.30"]
[EventType "swiss"]
[EventRounds "9"]
[EventCountry "RUS"]
[SourceTitle "CBM 210 Extra"]
[Source "ChessBase"]
[SourceDate "2022.11.30"]
[SourceVersion "1"]
[SourceVersionDate "2022.11.30"]
[SourceQuality "1"]

1. e4 e5 2. Ne2 Nf6 3. d4 exd4 4. Nxd4 Nxe4 5. Qe2 Qe7 6. Bd2 d5 7. Qb5+ c6 8. Nxc6 bxc6 9. Qe2 Ba6 10. Qd1 Nc3+ 11. Be2 Nxd1 12. Kxd1 Bxe2+ 13. Kc1 d4 14. c3 d3 15. Na3 Qc5 16. Kb1 Qxf2 17. b3 Bxa3 18. Rc1 Bxc1 19. Bxc1 Bd1 20. c4 Qc2# 0-1

[Event "Satka Autumn op (Women)"]
[Site "Satka"]
[Date "2022.09.02"]
[Round "4"]
[White "Lapa, Viktoriya"]
[Black "Bragina, Anna"]
[Result "0-1"]
[WhiteElo "1435"]
[BlackElo "1634"]
[PlyCount "62"]
[EventDate "2022.08.30"]
[EventType "swiss"]
[EventRounds "9"]
[EventCountry "RUS"]
[SourceTitle "CBM 210 Extra"]
[Source "ChessBase"]
[SourceDate "2022.11.30"]
[SourceVersion "1"]
[SourceVersionDate "2022.11.30"]
[SourceQuality "1"]

1. e4 e6 2. d4 d5 3. e5 c5 4. c3 Nc6 5. Nf3 Nge7 6. Na3 cxd4 7. cxd4 Nf5 8. Nc2 Qb6 9. g4 Nfe7 10. Bg2 Bd7 11. b3 Rc8 12. 0-0 h5 13. h3 hxg4 14. hxg4 Ng6 15. Bg5 Be7 16. Bxe7 Ncxe7 17. Qd2 Qd8 18. Nb4 Nc6 19. Nxc6 Rxc6 20. Ng5 Qe7 21. f4 Nh4 22. Bh1 f6 23. Nh3 Qf7 24. g5 Qh5 25. exf6 gxf6 26. Rae1 Qg4+ 27. Kh2 Qxh3+ 28. Kxh3 Nf3+ 29. Kg3 Nxd2 30. Rf2 Rc3+ 31. Kg4 f5# 0-1

[Event "Satka Autumn op (Women)"]
[Site "Satka"]
[Date "2022.08.31"]
[Round "2"]
[White "Lapa, Viktoriya"]
[Black "Goriachkina, Oksana"]
[Result "1/2-1/2"]
[WhiteElo "1435"]
[BlackElo "1748"]
[PlyCount "98"]
[EventDate "2022.08.30"]
[EventType "swiss"]
[EventRounds "9"]
[EventCountry "RUS"]
[SourceTitle "CBM 210 Extra"]
[Source "ChessBase"]
[SourceDate "2022.11.30"]
[SourceVersion "1"]
[SourceVersionDate "2022.11.30"]
[SourceQuality "1"]

1. e4 c6 2. d4 d5 3. e5 Bf5 4. h4 h5 5. Bd3 Bxd3 6. Qxd3 e6 7. Bg5 Qb6 8. Nd2 c5 9. c3 Nc6 10. Ne2 cxd4 11. cxd4 Nge7 12. 0-0 Nf5 13. Nb3 a5 14. a4 Bb4 15. Rfd1 Qa6 16. Qf3 b5 17. Nf4 bxa4 18. Rxa4 Qc4 19. Nxh5 Rxh5 20. Qxh5 Qxb3 21. Raa1 Bf8 22. Rac1 Nfe7 23. Rd2 Rc8 24. Rdc2 Qb7 25. Rd2 Nb4 26. Rxc8+ Qxc8 27. Qf3 Qc4 28. Rd1 Nec6 29. b3 Qa6 30. Qc3 Na2 31. Qc2 Nab4 32. Qc3 Qb6 33. h5 Be7 34. Be3 Na7 35. g4 Qc6 36. Qa1 Qa6 37. Rd2 Kf8 38. g5 Kg8 39. h6 g6 40. Kg2 Nac6 41. f4 Kh7 42. Kg3 Qb5 43. Kg2 Bd8 44. Kg3 Bb6 45. Kg2 Ba7 46. Kg3 Ne7 47. Kg2 Nec6 48. Kg3 Ne7 49. Kg2 Nec6 1/2-1/2